000 00727nam a2200253 i 4500
001 bg
100 1 _aSIEMIENIAKO, Franciszek
245 1 0 _aPodstawy automatyki z zadaniami /
_cFranciszek Siemieniako.
250 _aWyd. 5 popr. i rozsz.
260 _aBiałystok :
_bWydawnictwa PB,
_c1996.
300 _a275 s. :
_brys., wykr. ;
_c23 cm.
490 1 _aSkrypty / Politechnika Białostocka
504 _aBibliogr. s. 275.
650 9 _aAutomatyka
655 _aPodręczniki akademickie
830 0 _aSkrypty (Politechnika Białostocka)
020 _a8386272449
040 _cBPK
041 0 _apl
080 _a681.5(075.8)
920 _a83-86272-44-9
942 _cKS
008 s pl f |000 0 pol
999 _c31511
_d31511
856 _uhttp://koha.tu.koszalin.pl/cgi-bin/koha/opac-detail.pl?biblionumber=31511
_yKatalog online BPK